000 00516cam a2200181ua 4500
001 11336
008 190914n ii |||gr||||Z||||||asm
040 _cMAIN
082 _a909
100 _aH.G Wells,
_eAuthor.,
245 _aPrithibir sankhipta etihas :
_ba short history of the world /
_cTranslated by Narendra Nath Sarma .
250 _a1st ed.
260 _aGuwahati:
_bAssam Prakash Parishad,
_c2007.
300 _a331p.
653 _aWorld history
700 _aNarendra Nath,
_eTranslator.
942 _cBK
999 _c10181
_d10181